[Event "AUTO-OPEN-2144"]
[Site "http://www.queenalice.com/game.php?id=850654"]
[Date "2010.10.26"]
[Round "1"]
[White "Markus1234567"]
[Black "mg23campos"]
[Result "1-0"]
[WhiteElo "1952"]
[BlackElo "1945"]

1. e4 e5 2. Nf3 Nc6 3. Bb5 Bd6 4. d3 a6 5. Ba4 b5 6. Bb3 Nf6 7. O-O h6 8. a4 b4
9. a5 O-O 10. Be3 Qe7 11. Nbd2 Bc5 12. Nc4 d6 13. Bxc5 dxc5 14. h3 g5 15. Qd2
Nh5 16. Ba4 Nd4 17. Ncxe5 Nxf3+ 18. Nxf3 Nf4 19. Kh2 Qf6 20. c3 g4 21. hxg4 Bxg4
22. e5 Qf5 23. Bc6 Rad8 24. Be4 Qh5+ 25. Kg3 Bxf3 26. Qxf4 Bxe4 27. Qxe4 Qg5+
28. Kh2 f5 29. Qc4+ Kh8 30. Qxa6 Rg8 31. g3 Rdf8 32. Qc6 f4 33. Qg2 h5 34. a6 h4
35. Qh3 fxg3+ 36. fxg3 Qxe5 37. Qxh4+ Kg7 38. Qg4+ Kh6 39. Qh4+ Kg6 40. Rxf8
Rxf8 41. Qe4+ Qxe4 42. dxe4 Kg5 43. a7 Ra8 44. Ra5 1-0

[Event "AUTO-OPEN-2237"]
[Site "http://www.queenalice.com/game.php?id=889647"]
[Date "2011.1.22"]
[Round "1"]
[White "volga1"]
[Black "mg23campos"]
[Result "1-0"]
[WhiteElo "1951"]
[BlackElo "1946"]

1. e4 e5 2. Nf3 Nc6 3. Bc4 h6 4. d4 Bd6 5. dxe5 Nxe5 6. Nxe5 Bxe5 7. Qf3 Nf6 8.
Nc3 c6 9. Bf4 Bxc3+ 10. Qxc3 Nxe4 11. Qxg7 Rf8 12. O-O-O Qf6 13. Qxf6 Nxf6 14.
Rhe1+ Kd8 15. Bd6 Re8 16. Bxf7 Rxe1 17. Rxe1 b6 18. Be7+ Kc7 19. Bxf6 Ba6 20.
Re8 Rxe8 21. Bxe8 d5 22. Bg7 1-0

[Event "AUTO-OPEN-2237"]
[Site "http://www.queenalice.com/game.php?id=889648"]
[Date "2011.1.22"]
[Round "1"]
[White "mg23campos"]
[Black "volga1"]
[Result "0-1"]
[WhiteElo "1808"]
[BlackElo "1955"]

1. e4 g6 2. h4 h6 3. d3 Bg7 4. Nf3 d6 5. Nc3 b6 6. a3 Nd7 7. Be3 Bb7 8. b4 a6 9.
g3 Bxc3+ 10. Nd2 Bxa1 11. Qxa1 Ngf6 12. Bh3 Ne5 13. O-O Bc8 14. Kh2 Bxh3 15.
Kxh3 Qd7+ 16. Kg2 O-O-O 17. Qc3 Qc6 18. Qb3 Qd7 19. a4 d5 20. b5 axb5 21. axb5
dxe4 22. Qa4 Qd5 23. Kh3 Kd7 24. Nb3 Qe6+ 25. Kg2 exd3 26. cxd3 Qd5+ 27. f3 Ra8
28. Qb4 Ra2+ 29. Nd2 Nxd3 30. Qc3 Rha8 31. Kg1 R8a3 32. Qd4 Qxd4 33. Bxd4 Rxd2
0-1

[Event "AUTO-OPEN-2237"]
[Site "http://www.queenalice.com/game.php?id=889663"]
[Date "2011.1.22"]
[Round "1"]
[White "SunKite"]
[Black "mg23campos"]
[Result "0-1"]
[WhiteElo "1513"]
[BlackElo "1930"]

1. e4 e5 2. Qf3 Nc6 3. Bc4 Nf6 4. h4 Nd4 5. Qc3 Bc5 6. a4 a5 7. Nf3 d6 8. Rh3
Bxh3 9. gxh3 O-O 10. Na3 Nxe4 11. Qd3 Nxf3+ 12. Qxf3 Qxh4 13. Kd1 Nxf2+ 14. Ke1
Nxh3+ 15. Kd1 Nf2+ 16. Ke2 e4 17. Qf5 Qh2 18. d3 Nxd3+ 19. Kd1 Qg1+ 20. Kd2 Qe1#
0-1

[Event "AUTO-OPEN-2237"]
[Site "http://www.queenalice.com/game.php?id=889664"]
[Date "2011.1.22"]
[Round "1"]
[White "mg23campos"]
[Black "SunKite"]
[Result "0-1"]
[WhiteElo "1884"]
[BlackElo "1474"]

1. e4 e5 2. Nf3 Qf6 3. Bc4 a6 4. d3 h5 5. Nc3 b5 6. Nd5 Qc6 7. Bb3 h4 8. Ng5 Rh6
9. Qf3 f6 10. Nh3 Rg6 11. Qh5 Ne7 12. Nxe7 Kxe7 13. Qxg6 d5 14. Bxd5 Qd6 15.
Qf7+ Kd8 16. Bxa8 Be6 17. Qh5 a5 18. Ng5 fxg5 19. Bxg5+ Kd7 20. O-O h3 21. a3
Qa6 22. Bd5 Bxd5 23. exd5 Qd6 24. c4 Qc5 25. Qf7+ Be7 26. Qe6+ Kd8 27. Bxe7+
Qxe7 28. Qg8+ Qe8 0-1

[Event "AUTO-ADV-2046"]
[Site "http://www.queenalice.com/game.php?id=889756"]
[Date "2011.1.22"]
[Round "1"]
[White "XaraX"]
[Black "mg23campos"]
[Result "0-1"]
[WhiteElo "1911"]
[BlackElo "1884"]

1. d4 e6 2. c4 d5 3. cxd5 exd5 4. Nc3 Nf6 5. Bg5 h6 6. Bh4 g5 7. Bg3 Nc6 8. Nf3
a6 9. e3 Bb4 10. a3 Bxc3+ 11. bxc3 Bg4 12. Be2 Ne4 13. c4 Nc3 14. Qc2 Nxe2 15.
Qxe2 Na5 16. cxd5 Qxd5 17. Bxc7 Rc8 18. Be5 Nb3 19. Bxh8 Qa5+ 20. Kf1 Nxa1 21.
g3 Bh3+ 22. Kg1 Rc1+ 0-1

[Event "AUTO-ADV-2046"]
[Site "http://www.queenalice.com/game.php?id=889757"]
[Date "2011.1.22"]
[Round "1"]
[White "mg23campos"]
[Black "XaraX"]
[Result "1-0"]
[WhiteElo "1901"]
[BlackElo "1894"]

1. e4 e5 2. Nf3 Nc6 3. Bc4 Bc5 4. d3 Nf6 5. h3 h6 6. Nc3 d6 7. Nd5 O-O 8. g4 Ne7
9. g5 Nfxd5 10. Bxd5 Nxd5 11. exd5 hxg5 12. Nxg5 Qf6 13. Rh2 Re8 14. Qh5 Bf5 15.
Be3 Bg6 16. Qg4 Bxe3 17. fxe3 Bf5 18. Qg3 Qg6 19. Qh4 f6 20. Nf3 Kf7 21. e4 Bd7
22. O-O-O Rh8 23. Qf2 Rxh3 24. Rxh3 Bxh3 25. Rg1 Qh6+ 26. Kb1 Rh8 27. Ng5+ Kg8
28. Nxh3 Qxh3 29. Qxf6 Qd7 30. b3 Rh6 31. Qxh6 1-0

[Event "AUTO-ADV-2046"]
[Site "http://www.queenalice.com/game.php?id=889772"]
[Date "2011.1.22"]
[Round "1"]
[White "mg23campos"]
[Black "miltonloviski"]
[Result "0-1"]
[WhiteElo "1815"]
[BlackElo "1911"]

1. e4 e5 2. Nf3 Nc6 3. Bc4 h6 4. d3 Bc5 5. h3 Qf6 6. Nc3 Nge7 7. Nd5 Nxd5 8.
Bxd5 Nd4 9. c3 Nxf3+ 10. Qxf3 Qxf3 11. gxf3 a5 12. f4 a4 13. f5 c6 14. b4 Bb6
15. Bc4 Ba7 16. a3 b6 17. b5 Bb7 18. Rg1 Kf8 19. f4 Bb8 20. f6 gxf6 21. f5 Ke7
22. Be3 Bc7 23. O-O-O cxb5 24. Bxb5 Bc6 25. Bc4 b5 26. Ba2 Bd6 27. Kb2 h5 28.
Rg7 Raf8 29. h4 Bc7 30. d4 Bxe4 31. dxe5 fxe5 32. Rg5 Rfg8 33. Rxg8 Rxg8 34.
Bg5+ Ke8 35. f6 Bf5 36. Rd5 Be6 37. Rxb5 d6 38. Rb7 Kd7 39. Ra7 Rb8+ 40. Ka1
Bxa2 41. Kxa2 Rb3 42. Bd2 Kc6 43. Rxa4 Rb7 44. Re4 d5 45. Re2 e4 0-1

[Event "AUTO-ADV-2046"]
[Site "http://www.queenalice.com/game.php?id=889773"]
[Date "2011.1.22"]
[Round "1"]
[White "miltonloviski"]
[Black "mg23campos"]
[Result "1-0"]
[WhiteElo "1923"]
[BlackElo "1803"]

1. e4 e5 2. Nf3 Nc6 3. a3 Bc5 4. d3 Qf6 5. Nc3 Nge7 6. Bg5 Qg6 7. Bxe7 Nxe7 8.
Nxe5 Qf6 9. Nf3 Nc6 10. Nd5 Qd8 11. c3 d6 12. a4 a5 13. Qb3 O-O 14. d4 Bb6 15.
Nxb6 cxb6 16. Bc4 Bg4 17. Nd2 Ne7 18. O-O Ng6 19. f4 Qh4 20. Qxb6 Bh5 21. Qxd6
Qg4 22. f5 Nh4 23. g3 Qg5 24. Qf4 Nf3+ 25. Nxf3 Qf6 26. g4 Bxg4 27. Qxg4 Rac8
28. e5 Qh6 29. Bd3 Qe3+ 30. Kg2 Qxd3 31. Ng5 h6 32. Nh3 Qc2+ 33. Rf2 Qb3 34. Nf4
Rfd8 35. Nh5 Qd5+ 36. Rf3 Kf8 37. Qxg7+ Ke7 38. Qxh6 Rc6 39. Qg5+ Kf8 40. Nf6
Rxf6 41. Qxf6 Qe4 42. Qxd8+ Kg7 43. Qg5+ Kf8 44. Qh6+ Ke8 45. e6 1-0

[Event "AUTO-OPEN-2316"]
[Site "http://www.queenalice.com/game.php?id=919115"]
[Date "2011.3.29"]
[Round "1"]
[White "pablin"]
[Black "mg23campos"]
[Result "0-1"]
[WhiteElo "1488"]
[BlackElo "1942"]

1. e4 e5 2. Nf3 Nc6 3. Bc4 h6 4. d3 Bc5 5. Nc3 Nf6 6. O-O d6 7. Na4 Bg4 8. Nxc5
dxc5 9. Bd2 Nd4 10. Bc3 Nh5 11. Bxd4 cxd4 12. Qd2 Bxf3 13. gxf3 Nf4 14. Qa5 Qg5+
0-1

[Event "AUTO-OPEN-2316"]
[Site "http://www.queenalice.com/game.php?id=919116"]
[Date "2011.3.29"]
[Round "1"]
[White "mg23campos"]
[Black "pablin"]
[Result "1-0"]
[WhiteElo "1944"]
[BlackElo "1484"]

1. e4 e5 2. Nf3 d6 3. Bc4 Nf6 4. d3 Be7 5. h3 O-O 6. g4 Nc6 7. g5 Nxe4 8. dxe4
Bxg5 9. Bxg5 Ne7 10. Nh4 c6 11. Rg1 d5 12. exd5 cxd5 13. Bb3 Qa5+ 14. c3 Bxh3
15. Bh6 Rfd8 16. Rxg7+ 1-0

[Event "AUTO-OPEN-2316"]
[Site "http://www.queenalice.com/game.php?id=919139"]
[Date "2011.3.29"]
[Round "1"]
[White "CCapivara"]
[Black "mg23campos"]
[Result "1-0"]
[WhiteElo "2060"]
[BlackElo "1932"]

1. e4 e5 2. f4 Nc6 3. Nf3 Bc5 4. Bc4 h6 5. Qe2 Qf6 6. d3 Nd4 7. Nxd4 Bxd4 8. c3
Bb6 9. fxe5 Qxe5 10. d4 Qe7 11. O-O Nf6 12. e5 d5 13. exf6 Qxe2 14. Bxe2 g6 15.
Bf4 1-0

[Event "AUTO-OPEN-2316"]
[Site "http://www.queenalice.com/game.php?id=919140"]
[Date "2011.3.29"]
[Round "1"]
[White "mg23campos"]
[Black "CCapivara"]
[Result "0-1"]
[WhiteElo "1921"]
[BlackElo "2075"]

1. e4 c6 2. Nf3 d6 3. Bc4 Nf6 4. d3 Bg4 5. h3 Bh5 6. g4 Bg6 7. Nbd2 e5 8. Ng5 d5
9. exd5 cxd5 10. Bb3 Nc6 11. c3 Bc5 12. Ba4 Bxd3 13. Ndf3 e4 14. Ne5 O-O 0-1

[Event "AUTO-OPEN-2316"]
[Site "http://www.queenalice.com/game.php?id=919155"]
[Date "2011.3.29"]
[Round "1"]
[White "mg23campos"]
[Black "FLAMENGO_B"]
[Result "0-1"]
[WhiteElo "1817"]
[BlackElo "2276"]

1. e4 c5 2. Nf3 Nc6 3. Bc4 Nf6 4. d3 e6 5. Nc3 d5 6. exd5 exd5 7. Bb5 d4 8. Ne4
Qa5+ 9. Bd2 Qxb5 10. O-O Nxe4 11. dxe4 Qxb2 12. Ng5 Be7 13. Bf4 Nb4 14. Qh5 g6
15. Qe2 f6 16. Qb5+ Bd7 17. Qxb7 Bc6 18. Qc7 fxg5 19. Bd6 Bxd6 20. Qg7 O-O-O 21.
e5 d3 22. cxd3 Qxe5 23. Qxe5 Bxe5 24. Rac1 Nxd3 0-1

[Event "AUTO-OPEN-2316"]
[Site "http://www.queenalice.com/game.php?id=919156"]
[Date "2011.3.29"]
[Round "1"]
[White "FLAMENGO_B"]
[Black "mg23campos"]
[Result "1-0"]
[WhiteElo "2275"]
[BlackElo "1819"]

1. d4 e6 2. Nf3 Nc6 3. e4 d5 4. e5 Nge7 5. Nc3 Nf5 6. Bg5 Be7 7. Bxe7 Qxe7 8.
Bd3 O-O 9. Bxf5 exf5 10. Nxd5 Qd7 11. c4 b5 12. cxb5 Qxd5 13. bxc6 Ba6 14. Qc2
Rab8 15. b3 g6 16. Rc1 Rb6 17. Qd2 Qe4+ 18. Qe3 Qd5 19. Rc5 Qe4 20. Qxe4 fxe4
21. Ng5 Rb4 22. Ra5 Rb6 23. Nxe4 1-0

[Event "AUTO-ADV-2112"]
[Site "http://www.queenalice.com/game.php?id=919399"]
[Date "2011.3.30"]
[Round "1"]
[White "Dsilver"]
[Black "mg23campos"]
[Result "1-0"]
[WhiteElo "1680"]
[BlackElo "1830"]

1. g3 d5 2. Bg2 Bf5 3. Nf3 e6 4. O-O Nc6 5. c3 h6 6. b4 Nf6 7. d4 g5 8. Ne5 g4
9. Qa4 Be4 10. Nxc6 bxc6 11. Qxc6+ Nd7 12. Bxe4 dxe4 13. Qxe4 1-0

[Event "AUTO-ADV-2112"]
[Site "http://www.queenalice.com/game.php?id=919400"]
[Date "2011.3.30"]
[Round "1"]
[White "mg23campos"]
[Black "Dsilver"]
[Result "0-1"]
[WhiteElo "1854"]
[BlackElo "1656"]

1. e4 g6 2. Nf3 Bg7 3. Bc4 e6 4. d3 Ne7 5. h3 d5 6. exd5 exd5 7. Bb5+ c6 8. Ba4
a5 9. Be3 Bxb2 10. Bd4 Bxa1 11. Bxh8 Bxh8 0-1